| 000 | 00702nam a2200229 a 4500 | ||
|---|---|---|---|
| 005 | 20240706063712.0 | ||
| 008 | 991125s1985 es 000 0 spa u | ||
| 020 | _a8432994197 | ||
| 035 | _aUPN01000050829 | ||
| 049 | _aCG | ||
| 050 | 4 |
_aLC4661 _bG8.7 1985 |
|
| 100 | 1 | _aGoplerud, Dena | |
| 245 | 1 | 3 |
_aLa recuperación escolar por secuencias de aprendizaje / _cDena Goplerud, Jo Ellen Fleming. |
| 250 | _a2a ed. | ||
| 260 |
_aBarcelona [Esp.] : _bCEAC, _c1985. |
||
| 300 | _a207 p. | ||
| 440 | 0 | _aEducación y enseñanza | |
| 650 | 4 |
_aNIÑOS DE LENTO APRENDIZAJE _910314 |
|
| 650 | 4 |
_aNiños con discapacidad mental _xEducación _93028 |
|
| 700 | 1 |
_aFleming, Jo Ellen, _ecoaut. |
|
| 905 | _aLibro | ||
| 999 |
_c50829 _d50829 |
||